00861nam a2200193 i 4500001000700000003000900007005001700016007000300033008004100036100005300077245014000130260008600270300002600356650002200382710007100404852002500475999001900500952014800519138230ES-MaACL20240511063035.0t|070214s1910 sp r ||||1| spa d1 aSánchez de Toca, Joaquín,d1852-1942910259813aEl movimiento antimilitarista en Europa b: discusión en la Real Academia de Ciencias Morales y Políticas / cJ. Sánchez de Toca. aMadrid : b[s. n.], c1910 (fImp. del Asilo de Huérfanos del S. C. de Jesús) aXI, 116 p. ; c18 cm.04aPacifismo.9157842 aReal Academia de Ciencias Morales y Políticas (España)9222050 aES-MaACLjT-1232-F-1 c138230d138230 001040708Colección_de_folletosaATENEOMbATENEOMcDEPOFd2008-01-17eSCl0oT-1232-F-1p1143837r2023-02-23 00:00:00w2023-02-23yFOLLETOS